Score 0/10 Timer 01:30
3 Plays Today
% Correct
Quebec
78.8%
Newfoundland and Labrador
74.1%
Alberta
73.8%
Northwest Territories
71.5%
Yukon
71.2%
Manitoba
71%
British Columbia
70.5%
Saskatchewan
65.4%
Ontario
65.2%
Nunavut
55%

Today's Daily Dose

Remove Ads.
Support Sporcle.
Get the best of Sporcle when you Go Orange. This ad-free experience offers more features, more stats, and more fun while also helping to support Sporcle. Thank you for becoming a member.

You're not logged in!

Compare scores with friends on all Sporcle quizzes.
OR
Log In

Show Comments

Extras

Top Quizzes Today


Score Distribution

Your Account Isn't Verified!

In order to create a playlist on Sporcle, you need to verify the email address you used during registration. Go to your Sporcle Settings to finish the process.

Report this User

Report this user for behavior that violates our Community Guidelines.

Details: